000 00430nam a2200157Ia 4500
008 240729s9999 xx 000 0 und d
022 _a2383-5001
245 0 _aJournal of Liver Cancer
260 _aKorea, Republic of
260 _bKorean Liver Cancer Association
650 _a Internal medicine
650 _aMedicine
856 _uhttps://doaj.org/toc/0a3a5a5b8a5545999cc1cb83d160c5fd
942 _2ddc
942 _cDOAJEJ
999 _c66659
_d66659
945 _a1
_bMadushi Gamage
_c1
_dMadushi Gamage